000
00287pab a2200109 454500
008
180718b xxu||||| |||| 00| 0 eng d
100
_a
Mohanty, K.K
245
_a
Economic reform - some misconseptions must go
650
_a
Economic Development
773
_a
Financial Express
909
_a
24060
999
_c
24060
_d
24060